FoxBASE+ Popis příkazů a funkcí

Na minha lista:
Detalhes bibliográficos
Autor principal: Miller, Luděk
Formato: Livro
Idioma:tcheco
Publicado em: Praha Grada 1991
Edição:1. vyd.
Assuntos:
Tags: Adicionar Tag
Sem tags, seja o primeiro a adicionar uma tag!

MARC

LEADER 00000nam a2200000 4500
001 c001221
005 20221214093623.6
020 |a 80-85424-00-2 
041 0 |a cze 
044 |a CZ 
245 1 0 |a FoxBASE+  |b Popis příkazů a funkcí  |c Luděk Miller 
250 |a 1. vyd. 
264 1 |a Praha  |b Grada  |c 1991 
300 |a 205 s. 
610 2 0 |a FoxBASE+ 
610 2 0 |a programy aplikačné 
610 2 0 |a jazyky programovacie 
610 2 0 |a báza dát 
100 1 |a Miller, Luděk